书目信息 |
| 题名: |
钳工基本操作
|
|
| 作者: | 杨宝福 编 | |
| 分册: | 三 刮削 | |
| 出版信息: | 呼和浩特 内蒙古人民出版社 1973 |
|
| 页数: | 44页 | |
| 开本: | 19cm | |
| 丛书名: | ||
| 单 册: | ||
| 中图分类: | TG935 | |
| 科图分类: | ||
| 主题词: | 钳工--工艺--方法 , 钳工--工艺 , 钳工装配工具 | |
| 电子资源: | ||
| ISBN: | ||
| 000 | 00759nam0 2200277 45 | |
| 001 | 0175002149 | |
| 005 | 20061123145123.29 | |
| 010 | @dCNY0.16 | |
| 091 | @a15089.07 | |
| 100 | @a19951016d1973 em y0chiy0121 ea | |
| 101 | 0 | @achi |
| 102 | @aCN@b150000 | |
| 105 | @ay z 000yy | |
| 200 | 10 | @a钳工基本操作@Aqian gong ji ben cao zuo@h三@i刮削@f杨宝福编@Fyang bao fu bian |
| 210 | @a呼和浩特@c内蒙古人民出版社@d1973 | |
| 215 | @a44页@d19cm | |
| 304 | @a杨宝福:呼和浩特市糖厂钳工 | |
| 517 | @a刮削@Agua xue | |
| 606 | 0 | @a钳工@x工艺@x方法 |
| 606 | @a钳工@x工艺 | |
| 606 | 0 | @a钳工装配工具 |
| 690 | @aTG935@v4 | |
| 701 | 0 | @a杨宝福@Ayang bao fu@4编 |
| 801 | 2 | @aCN@bNLC@c20061123 |
| 801 | 0 | @aCN@b广东省中山图书馆@c20060425 |
| 905 | @dTG935@e3 | |
| 钳工基本操作.三.刮削/杨宝福编.-呼和浩特:内蒙古人民出版社,1973 |
| 44页;19cm |
| ISBN :CNY0.16 |
| ● |
| 相关链接 |
|
|
|
|
正题名:钳工基本操作
索取号:TG935/3
 
预约/预借
| 序号 | 登录号 | 条形码 | 馆藏地/架位号 | 状态 | 备注 |
| 1 | 0017263 | 001363535 | 第二样本阅览室/ [索取号:TG935/3] | 在馆 |